Estadísticas para Top 4 posiciones en la Copa Mundial de Rugby

Haz click aquí para intentar la prueba.

Estadísticas generales

  • Esta prueba ha sido intentada 2.219 veces
  • La puntuación promedio es 7 de 8

Estadísticas de respuestas

# en Top 4# de GanadasPaís% Correcto
62Australia
95%
93Nueva Zelanda
95%
60Francia
89%
61Inglaterra
82%
64Sudáfrica
80%
30Argentina
77%
10Escocia
69%
30Gales
68%

Distribución de puntuación

Porcentaje por número respondido

Porcentaje de gente con cada puntuación

Historial de tus puntuaciones

No has intentado esta prueba.